Statistics for Capitals of the U.S. Beginning with the A

Click here to take the quiz!

General Stats

  • This quiz has been taken 60 times
  • The average score is 4 of 5

Answer Stats

Capitals% Correct
Albany
90%
Austin
90%
Annapolis
88%
Atlanta
83%
Augusta
83%

Score Distribution

Percentile by Number Answered

Percent of People with Each Score

Your Score History

You have not taken this quiz